000 nam a22 a 4500
999 _c2552
_d2552
005 20170517111006.0
008 820305s1982 xxua |b 001 | eng
020 _a0890048304
040 _aAKMAL
082 _a615.1 COS
090 _a615.1
_bCOS
245 _aTypical and atypical antidepressants :
_b clinical practice
_c volume editors, E. Costa, Giorgio Racagni.
260 _a New York :
_bRaven Press
_c1982.
300 _ccm
650 _aDepression, Mental
_x Chemotherapy.
_95315
700 _aCosta, Erminio.
_95316
942 _2ddc
_cBOOK